00416 2200169 4500001002100000005001500021035002000036007000300056008004100059020001800100082001200118084002200130100001600152245002900168260003300197990001600230INLIS00000000000219220260305091542 a0010-0326000140ta260305 0  a9786233275064 a297.092 a297.092 RIZ j c.10 aRizem Aizid1 aJagat Batin Sunan Bonang aYogyakarta :bLaksana,c2024 a2026/P/0261